Statistics for Mean Girls Trivia

Click here to take the quiz!

General Stats

  • This quiz has been taken 1,819 times
  • The average score is 8 of 27

Answer Stats

Hint Answer % Correct
Complete these lyrics to Damien's song at the winter talent show. "I am so ________ in every single way."beautiful
75%
On what day did Aaron Samuels ask Cady what day it was?October 3
73%
Who is nominated every year for Spring-Fling Queen?Regina
73%
On wednesdays we wear ___Pink
72%
Regina wants to lose __ pounds3
67%
"Karen, you can't just go around asking people why they're____."White
67%
How many candy canes did Glenn Coco get?4
67%
What is Cady's theory about Regina if all Regina's hair was cut off? What did she think Regina would look like?a British man
44%
What was Ms. Norbury accused of in the burn book?Selling drugs
43%
What color sweatshirt is Damien wearing when he is being chased by Aaron after he "stole" Cady's bag?Yellow
32%
What was the first class Cady missed ?Health
32%
What is the name of the store that Regina plans to buy her dress from?1-3-5
31%
Who teaches Health class?Coach Carr
24%
Who choreographed the Jingle Bell Rock dance ?Janis
21%
What is the principal's name?Duval
21%
What store did Gretchen get diarrhea in?Barnes and Noble
20%
Who did Regina meet on a plane ?John Stamos
18%
Why did Regina and Kyle break up?he moved to Indiana
11%
Who is Jason (Gretchen's crush) seen with at the mall?Taylor Wedell
10%
Where was Cady supposed to go with her parents ?Madison
10%
What was the first thing Aaron ever said to Cady ?Do you have a pencil ?
10%
Besides having "psychic abilities", what is Karen's other hidden talent?she can put her whole fist in her mouth
9%
At the Mathletes competition, what was the name of the girl that Cady faced?Caroline Kraft
7%
What was the name of Kevin Gnapoor's rap group?KG and the Power of Three
6%
What does Cady give Regina when she decides to go on a diet?Caltine bars
5%
When do Cady and Aaron first kiss?When Aaron tutors Cady
2%
What are the rules of feminism according to Gretchen ?Not going out with friends exes
0%

Score Distribution

Percentile by Number Answered

Percent of People with Each Score

Your Score History

You have not taken this quiz